Statistiche per Riconosci la Squadra di calcio - Quiz n°35

Clicka qui per fare il quiz!

Statistiche generali

  • Questo quiz è stato fatto 10 volte
  • Il punteggio medio è 5 su 9

Statistiche sulle risposte

IndizioRisposta% Corretto
Colori socialiBianco, nero
100%
Titoli nazionali3 Second Division
1 Third Division
78%
Divisione nazionale 2023-2024Quarta
67%
ConfederazioneUEFA
56%
Trofei internazionali1 Coppa Anglo-Italiana
44%
Trofei nazionali1 Coppa d'Inghilterra
44%
Fondazione1862
33%
Capienza Stadio20 229 posti
33%
SquadraNotts County
11%

Distribuzione punteggi

Percentile per numero di risposta

Percentuale di utenti per punteggio

I tuoi punteggi nel tempo

Non hai fatto questo quiz